[Event "SVK-chT1E 2223"]
[Site "Slovakia"]
[Date "2023.01.14"]
[Round "7.5"]
[White "Snider, Lukas"]
[Black "Macko, Michal"]
[Result "1/2-1/2"]
[WhiteElo "2048"]
[BlackElo "2148"]
[PlyCount "91"]
[EventDate "2022.10.15"]
[EventType "team-tourn"]
[EventRounds "11"]
[EventCountry "SVK"]
[SourceTitle "EXT 2024"]
[Source "ChessBase"]
[SourceDate "2023.10.10"]
[SourceVersion "1"]
[SourceVersionDate "2023.10.10"]
[SourceQuality "1"]
[WhiteTeam "Zvolen Slavia"]
[BlackTeam "Liptov Chess School II"]
[WhiteTeamCountry "SVK"]
[BlackTeamCountry "SVK"]

1. Nf3 c5 2. d4 cxd4 3. Qxd4 Nc6 4. Qd1 Nf6 5. c4 e6 6. g3 Be7 7. Bg2 0-0 8. 0-0 d5 9. cxd5 Nxd5 10. a3 Bf6 11. Nbd2 a5 12. e4 Nb6 13. Qe2 e5 14. Nc4 Bg4 15. Be3 Nd4 16. Bxd4 exd4 17. Rfd1 Re8 18. Ne3 Rxe4 19. Qd3 Bxf3 20. Bxf3 Re7 21. Ng4 Rd7 22. Qf5 Rd6 23. Bxb7 Ra7 24. Be4 g6 25. Nxf6+ Rxf6 26. Qe5 Rd6 27. Bd3 a4 28. Rac1 Re7 29. Qb5 Ree6 30. Rc2 Qf6 31. Re2 Rxe2 32. Bxe2 Rd5 33. Qe8+ Kg7 34. Bd3 Re5 35. Qb8 Nd7 36. Qa8 Nc5 37. Bf1 Ne4 38. f4 Qb6 39. fxe5 d3+ 40. Kg2 Qf2+ 41. Kh1 Qf3+ 42. Kg1 Qe3+ 43. Kg2 Qf2+ 44. Kh1 Qf3+ 45. Kg1 Qf2+ 46. Kh1 1/2-1/2

[Event "SVK-chT1E 2223"]
[Site "Slovakia"]
[Date "2022.10.15"]
[Round "1.6"]
[White "Saga, Vladimir"]
[Black "Snider, Lukas"]
[Result "0-1"]
[WhiteElo "2008"]
[BlackElo "2048"]
[PlyCount "62"]
[EventDate "2022.10.15"]
[EventType "team-tourn"]
[EventRounds "11"]
[EventCountry "SVK"]
[SourceTitle "EXT 2024"]
[Source "ChessBase"]
[SourceDate "2023.10.10"]
[SourceVersion "1"]
[SourceVersionDate "2023.10.10"]
[SourceQuality "1"]
[WhiteTeam "Cadca"]
[BlackTeam "Zvolen Slavia"]
[WhiteTeamCountry "SVK"]
[BlackTeamCountry "SVK"]

1. d4 d5 2. Nf3 Nf6 3. g3 c6 4. Bg2 h6 5. Nbd2 Bf5 6. c4 e6 7. 0-0 Be7 8. Qb3 Qc7 9. Ne5 Nbd7 10. Ndf3 Nxe5 11. Nxe5 Nd7 12. cxd5 cxd5 13. Bf4 Qd8 14. Qxb7 Nxe5 15. Bxe5 0-0 16. Rfc1 Bf6 17. Qc7 Bxe5 18. dxe5 Qg5 19. e3 h5 20. h4 Qg4 21. Qc3 Rab8 22. a3 a5 23. Rd1 Qe2 24. Rd2 Qb5 25. Rc1 Rb6 26. Bf1 Qa4 27. Be2 Rb3 28. Qc7 Bg4 29. f3 Rxe3 30. fxg4 Rxg3+ 31. Kf2 Qf4+ 0-1

[Event "SVK-chT2C 1920"]
[Site "Slovakia"]
[Date "2020.02.16"]
[Round "9.4"]
[White "Budinsky, Martin"]
[Black "Snider, Lukas"]
[Result "1/2-1/2"]
[WhiteElo "2028"]
[BlackElo "2050"]
[PlyCount "75"]
[EventDate "2019.10.26"]
[EventType "team-tourn"]
[EventRounds "11"]
[EventCountry "SVK"]
[SourceTitle "CBM 195 Extra"]
[Source "ChessBase"]
[SourceDate "2020.05.31"]
[SourceVersion "1"]
[SourceVersionDate "2020.05.31"]
[SourceQuality "1"]
[WhiteTeam "Banska Bystrica Veza"]
[BlackTeam "Zvolen Slavia"]
[WhiteTeamCountry "SVK"]
[BlackTeamCountry "SVK"]

1. e4 c5 2. Nc3 Nc6 3. g3 g6 4. Bg2 Bg7 5. d3 d6 6. Nge2 e6 7. Be3 a6 8. 0-0 Nge7 9. Qd2 0-0 10. Bh6 Rb8 11. Bxg7 Kxg7 12. d4 e5 13. dxe5 dxe5 14. Rad1 Nd4 15. f4 f6 16. h3 Be6 17. g4 Bc4 18. b3 Bxe2 19. Nxe2 Nxe2+ 20. Qxe2 Qc7 21. fxe5 fxe5 22. Rxf8 Rxf8 23. Qd2 Nc6 24. Qd7+ Rf7 25. Qxc7 Rxc7 26. c3 Ne7 27. Bf1 g5 28. Rd6 Ng6 29. Rd5 Kf6 30. Rd6+ Ke7 31. Rd5 Rc6 32. a4 h6 33. Bc4 Rc7 34. Bf1 Ke6 35. Bc4 Ke7 36. Bf1 Rc6 37. Bc4 Rc8 38. Bf1 1/2-1/2

[Event "SVK-chT2C 1718"]
[Site "Slovakia"]
[Date "2018.02.04"]
[Round "7.1"]
[White "Haring, Filip"]
[Black "Snider, Lukas"]
[Result "1-0"]
[WhiteElo "2277"]
[BlackElo "2001"]
[PlyCount "91"]
[EventDate "2017.10.28"]
[EventType "team-tourn"]
[EventRounds "11"]
[EventCountry "SVK"]
[SourceTitle "EXT 2019"]
[Source "ChessBase"]
[SourceDate "2018.10.10"]
[SourceVersion "1"]
[SourceVersionDate "2018.10.10"]
[SourceQuality "1"]
[WhiteTeam "Banska Bystrica Veza"]
[BlackTeam "Zvolen Slavia"]
[WhiteTeamCountry "SVK"]
[BlackTeamCountry "SVK"]

1. e4 c5 2. Nf3 d6 3. d4 cxd4 4. Nxd4 Nf6 5. Nc3 a6 6. Be2 e5 7. Nf3 Be7 8. Bg5 Be6 9. Bxf6 Bxf6 10. Nd5 Bxd5 11. Qxd5 Nc6 12. c3 Be7 13. 0-0 0-0 14. Rfd1 Qa5 15. Bc4 Qxd5 16. Bxd5 Kh8 17. Nd2 Na5 18. a4 Rac8 19. b4 Nc6 20. Nc4 Nd8 21. a5 f5 22. f3 fxe4 23. fxe4 g6 24. Rf1 Rxf1+ 25. Rxf1 Kg7 26. Rf3 Rc7 27. Kf1 Bf8 28. Ke2 Nf7 29. Kd3 Ng5 30. Rf1 h5 31. Ne3 Nh7 32. Be6 Nf6 33. Nd5 Nxd5 34. Bxd5 Rd7 35. g3 Rc7 36. Rb1 Be7 37. b5 Bd8 38. b6 Rd7 39. Rb4 Kf6 40. Rc4 Ke7 41. Rc8 g5 42. Rb8 h4 43. Bxb7 hxg3 44. hxg3 d5 45. Bxd5 Kd6 46. Rc8 1-0

[Event "SVK-chT2C 1314"]
[Site "Slovakia"]
[Date "2014.01.12"]
[Round "6.4"]
[White "Snider, Lukas"]
[Black "Puskar, Jan"]
[Result "1-0"]
[WhiteElo "1991"]
[BlackElo "2034"]
[PlyCount "119"]
[EventDate "2013.10.19"]
[EventType "team-tourn"]
[EventRounds "11"]
[EventCountry "SVK"]
[SourceTitle "EXT 2015"]
[Source "ChessBase"]
[SourceDate "2014.11.20"]
[SourceVersion "1"]
[SourceVersionDate "2014.11.20"]
[SourceQuality "1"]
[WhiteTeam "Zvolen Slavia"]
[BlackTeam "Banska Bystrica Veza"]
[WhiteTeamCountry "SVK"]
[BlackTeamCountry "SVK"]

1. e4 c5 2. Nf3 Nc6 3. d4 cxd4 4. Nxd4 Nf6 5. Nc3 d6 6. Bg5 Bd7 7. Qd2 Nxd4 8. Qxd4 Qa5 9. Bxf6 gxf6 10. 0-0-0 Rc8 11. Kb1 Qc5 12. Qxc5 Rxc5 13. Rd5 e6 14. Rxc5 dxc5 15. Bb5 Bxb5 16. Nxb5 a6 17. Nc3 Bd6 18. g3 Kd7 19. Rd1 Kc6 20. Ne2 Rg8 21. c4 Rg4 22. Nc3 Be5 23. f3 Rg8 24. Ne2 b5 25. cxb5+ axb5 26. a3 Ra8 27. f4 Bc7 28. Nc3 Bb6 29. Kc2 c4 30. Ne2 h5 31. Nd4+ Bxd4 32. Rxd4 Rg8 33. a4 Kc5 34. Rd7 bxa4 35. Rxf7 h4 36. Rxf6 hxg3 37. hxg3 Rxg3 38. Rxe6 Rg2+ 39. Kc3 Rg3+ 40. Kc2 Rg2+ 41. Kb1 Kd4 42. f5 a3 43. bxa3 Kc3 44. Rg6 Rb2+ 45. Ka1 Re2 46. Rg3+ Kc2 47. Rf3 c3 48. Ka2 Kd1+ 49. Kb3 c2 50. Rf1+ Kd2 51. Kb2 Rxe4 52. Rf2+ Kd3 53. Rxc2 Rf4 54. Rc5 Kd4 55. Rb5 Rf2+ 56. Kb3 Rf3+ 57. Kb4 Rf1 58. a4 Rb1+ 59. Ka5 Ra1 60. f6 1-0

[Event "SVK-chT2C 1213"]
[Site "Slovakia"]
[Date "2013.03.17"]
[Round "11.2"]
[White "Snider, Lukas"]
[Black "Kopera, Michal"]
[Result "0-1"]
[WhiteElo "2035"]
[BlackElo "2082"]
[PlyCount "48"]
[EventDate "2012.10.13"]
[EventType "team-tourn"]
[EventRounds "11"]
[EventCountry "SVK"]
[SourceTitle "EXT 2015"]
[Source "ChessBase"]
[SourceDate "2014.11.20"]
[SourceVersion "1"]
[SourceVersionDate "2014.11.20"]
[SourceQuality "1"]
[WhiteTeam "Detva Podpolanie"]
[BlackTeam "Zilina Mladost II"]
[WhiteTeamCountry "SVK"]
[BlackTeamCountry "SVK"]

1. d4 d5 2. Nf3 Nf6 3. Bf4 Bg4 4. Ne5 Bh5 5. h3 e6 6. g4 Bg6 7. h4 h6 8. Nxg6 fxg6 9. Qd3 Kf7 10. g5 Nh5 11. Bd2 c5 12. Bh3 Qe8 13. Nc3 Nc6 14. dxc5 Bxc5 15. Nxd5 Rd8 16. Qf3+ Kg8 17. Nc7 Nd4 18. Qe4 Qa4 19. Qxg6 Nxc2+ 20. Kf1 Ng3+ 21. fxg3 Rf8+ 22. Bf5 Rxf5+ 23. Kg2 Qc6+ 24. Kh3 Nxa1 0-1

[Event "SVK-chT2C 1213"]
[Site "Slovakia"]
[Date "2013.02.02"]
[Round "7.4"]
[White "Seget, Milan"]
[Black "Snider, Lukas"]
[Result "1/2-1/2"]
[WhiteElo "2128"]
[BlackElo "2035"]
[PlyCount "73"]
[EventDate "2012.10.13"]
[EventType "team-tourn"]
[EventRounds "11"]
[EventCountry "SVK"]
[SourceTitle "EXT 2015"]
[Source "ChessBase"]
[SourceDate "2014.11.20"]
[SourceVersion "1"]
[SourceVersionDate "2014.11.20"]
[SourceQuality "1"]
[WhiteTeam "Zvolen Slavia"]
[BlackTeam "Detva Podpolanie"]
[WhiteTeamCountry "SVK"]
[BlackTeamCountry "SVK"]

1. e4 e5 2. Nc3 Nf6 3. Nf3 Nc6 4. Bb5 Nd4 5. Ba4 Bc5 6. 0-0 Nxf3+ 7. Qxf3 0-0 8. d3 c6 9. Bg5 Be7 10. Bb3 d6 11. h3 Be6 12. Rfe1 b5 13. Rad1 b4 14. Ne2 c5 15. Ng3 g6 16. Nf1 Nh5 17. Bh6 Ng7 18. Ne3 Bg5 19. Bxg7 Kxg7 20. Bd5 Rb8 21. Rb1 Bxe3 22. fxe3 Bxd5 23. exd5 f5 24. Qg3 Qa5 25. d4 cxd4 26. exd4 f4 27. Qf3 Qb6 28. Rbd1 Rb7 29. c3 a5 30. Kh2 bxc3 31. bxc3 exd4 32. Rxd4 Qc5 33. Rf1 Rbf7 34. Re1 Rf5 35. Re7+ Kg8 36. Re2 Rc8 37. Rd3 1/2-1/2

[Event "SVK-chT2C 1213"]
[Site "Slovakia"]
[Date "2012.10.13"]
[Round "1.3"]
[White "Haring, Viktor"]
[Black "Snider, Lukas"]
[Result "1-0"]
[WhiteElo "2013"]
[BlackElo "2035"]
[PlyCount "107"]
[EventDate "2012.10.13"]
[EventType "team-tourn"]
[EventRounds "11"]
[EventCountry "SVK"]
[SourceTitle "EXT 2015"]
[Source "ChessBase"]
[SourceDate "2014.11.20"]
[SourceVersion "1"]
[SourceVersionDate "2014.11.20"]
[SourceQuality "1"]
[WhiteTeam "Banska Bystrica Kurta"]
[BlackTeam "Detva Podpolanie"]
[WhiteTeamCountry "SVK"]
[BlackTeamCountry "SVK"]

1. Nf3 d5 2. g3 Nf6 3. Bg2 c6 4. d4 Bf5 5. c3 h6 6. 0-0 Nbd7 7. Re1 Ne4 8. Nbd2 Ndf6 9. Ne5 Nxd2 10. Bxd2 e6 11. Qb3 Qb6 12. f3 Qxb3 13. axb3 Bc2 14. b4 Nd7 15. Nxd7 Kxd7 16. e4 Bd6 17. Bf1 Bb3 18. Ra3 Bc4 19. Bxc4 dxc4 20. Be3 a6 21. Rd1 Rhe8 22. Kf2 Rac8 23. Ra5 Bc7 24. Raa1 Bb6 25. f4 f6 26. Kf3 Rcd8 27. g4 Kc7 28. h4 Rd7 29. e5 fxe5 30. dxe5 Bxe3 31. Rxd7+ Kxd7 32. Rd1+ Ke7 33. Kxe3 g6 34. Rd4 g5 35. fxg5 hxg5 36. hxg5 Rg8 37. Kf4 Rf8+ 38. Kg3 Rg8 39. Rxc4 Rxg5 40. Kf4 Rg8 41. g5 Rf8+ 42. Kg4 Rf5 43. Re4 Rf2 44. b3 Rg2+ 45. Kh5 Rh2+ 46. Kg6 Rh3 47. Rf4 Rxc3 48. Rf7+ Ke8 49. Rxb7 Rf3 50. Rb6 Rxb3 51. Rxc6 Rxb4 52. Rxe6+ Kf8 53. Rxa6 Rf4 54. Rf6+ 1-0